Statistiques concernant Anagrammes villes du Portugal

Cliquez ici pour prendre le quiz!

Statistiques générales

  • Ce quiz a été pris 213 fois
  • Le résultat moyen est 8 sur 15

Statistiques - réponses

AnagrammeVille% Correct
BARGABraga
96%
AFROFaro
96%
TROOPPorto
93%
ENNOBLISLisbonne
79%
VACHESChaves
74%
FABULERAIAlbufeira
68%
GOALSLagos
68%
SEINSSines
42%
TRAINSSintra
40%
BLEUTASSetubal
39%
MORTATomar
31%
MAUGREAISGuimaraes
29%
ORTEILSEstoril
18%
REFUGIAIFigueira
14%
LAVALIERVila Real
11%

Distribution des résultats

Percentile par nombre de réponses

% des personnes avec chaque résultat

Votre développement - résultats

Vous n’avez pas pris ce quiz